00399pab a2200133 454500008004000000100002500040245008900065260000900154300001500163362000800178650002300186700002300209773003300232180718b2011 xxu||||| |||| 00| 0 eng d aJensen, Christian B. aMaking rules about rulemaking: A comparison of presidential and parliamentary system c2011 ap.656-667. aSep aAdministrative law aMcGrath, Robert J. aPolitical Research Quarterly